Научные методы датирования в геологии, археологии и истории: пер. с англ.

書誌詳細
第一著者: Вагнер Г. А. Гюнтер А.
その他の著者: Городецкий М. Л. (редактор), Карпенко С. Ф. (переводчик), Левченко В. А.
要約:Четвертичный период, охватывающий приблизительно последние два миллиона лет, характеризуется драматическими изменениями в природе, известными как "ледниковый период". В последние годы был достигнут значительный прогресс в корректном датировании событий той эпохи. В книге описан широкий спектр физических и химических методов, имеющихся в арсенале современной науки, для определения возраста молодых геологических образцов и артефактов. Для русского издания книга была дополнена главами, в которых более подробно освещены радиоуглеродный и термолюминесцентный методы, дендрохронология, а также приведены примеры комплексных датировок археологических находок. Монография адресована студентам и ученым, однако представляет несомненный интерес и для широкого круга читателей, желающих получить представление об истории нашей планеты, а также обрести твердую опору среди широко пропагандируемых паранаучных идей креационизма, катастрофизма и "новой хронологии".
言語:ロシア語
出版事項: Москва, Техносфера, 2006
シリーズ:Мир наук о Земле
主題:
フォーマット: MixedMaterials 図書
KOHA link:https://koha.lib.tpu.ru/cgi-bin/koha/opac-detail.pl?biblionumber=114153

MARC

LEADER 00000nam0a2200000 4500
001 114153
005 20231031122149.0
010 |a 5948360377 
035 |a (RuTPU)RU\TPU\book\123454 
090 |a 114153 
100 |a 20070419d2006 k y0rusy50 ca 
101 1 |a rus  |c eng 
102 |a RU 
105 |a a z 001zy 
200 1 |a Научные методы датирования в геологии, археологии и истории  |e пер. с англ.  |f Г. А. Вагнер  |g под ред. М. Л. Городецкого 
210 |a Москва  |c Техносфера  |d 2006 
215 |a 576 с.  |c ил. 
225 1 |a Мир наук о Земле 
320 |a Библиогр.: с. 544-575. 
330 |a Четвертичный период, охватывающий приблизительно последние два миллиона лет, характеризуется драматическими изменениями в природе, известными как "ледниковый период". В последние годы был достигнут значительный прогресс в корректном датировании событий той эпохи. В книге описан широкий спектр физических и химических методов, имеющихся в арсенале современной науки, для определения возраста молодых геологических образцов и артефактов. Для русского издания книга была дополнена главами, в которых более подробно освещены радиоуглеродный и термолюминесцентный методы, дендрохронология, а также приведены примеры комплексных датировок археологических находок. Монография адресована студентам и ученым, однако представляет несомненный интерес и для широкого круга читателей, желающих получить представление об истории нашей планеты, а также обрести твердую опору среди широко пропагандируемых паранаучных идей креационизма, катастрофизма и "новой хронологии". 
610 1 |a датирование 
610 1 |a научные методы 
610 1 |a геология 
610 1 |a археология 
610 1 |a история 
610 1 |a материалы 
610 1 |a вулканические породы 
610 1 |a импактиты 
610 1 |a разломные брекчии 
610 1 |a псевдотахилиты 
610 1 |a фульгуриты 
610 1 |a осадочные породы 
610 1 |a продукты выветривания 
610 1 |a неорганические артефакты 
610 1 |a растительные остатки 
610 1 |a животные остатки 
610 1 |a вода 
610 1 |a лед 
610 1 |a благородные газы 
610 1 |a урановые ряды 
610 1 |a космогенные нуклиды 
610 1 |a треки 
610 1 |a радиационная дозиметрия 
610 1 |a химические реакции 
610 1 |a палеомагнетизм 
610 1 |a Земля 
610 1 |a орбита 
610 1 |a климат 
610 1 |a возраст 
610 1 |a радиоуглеродное датирование 
610 1 |a ускорительные масс-спектрометры 
610 1 |a УМС 
610 1 |a дендрохронология 
675 |a 550.93  |v 3 
700 1 |a Вагнер  |b Г. А.  |g Гюнтер А. 
702 1 |a Городецкий  |b М. Л.  |4 340 
702 1 |a Городецкий  |b М. Л.  |4 730 
702 1 |a Карпенко  |b С. Ф.  |4 730 
702 1 |a Левченко  |b В. А.  |4 730 
801 1 |a RU  |b 63413507  |c 20070419  |g PSBO 
801 2 |a RU  |b 63413507  |c 20070705  |g PSBO 
942 |c BK 
959 |a 32/20070419  |d 1  |e 808,00  |f ЧЗТЛ:1